Statistics for World Capitals Closest to Toronto

Click here to take the quiz!

General Stats

  • This quiz has been taken 268 times
  • The average score is 14 of 20

Answer Stats

km City mi % Correct
562Washington, D.C349
99%
3258Mexico City2024
92%
2292Havana1424
89%
353Ottawa219
88%
2855Kingston1774
80%
3785Kingstown2352
80%
2862Port-au-Prince1779
76%
2072Nassau1287
74%
3389Guatemala City2106
73%
3841Panama City2386
73%
2930Santo Domingo1821
70%
3764San Jose2339
69%
3450San Salvador2144
67%
3553Managua2208
64%
3362Tegucigalpa2089
62%
3058Belmopan1900
59%
3378St John's2098
48%
3572Roseau2219
45%
3719Castries2311
45%
3320Basseterre2062
44%

Score Distribution

Percentile by Number Answered

Percent of People with Each Score

Your Score History

You have not taken this quiz